000 00759cab a2200253 4500
001 WB3215-16
008 090401t1996 xxu||||| |||| 00| 0 eng d
035 _a(Sirsi) u69668
041 _aeng
245 _aChurch bounces back
260 _c1996
350 _a0
490 _aGuardian
_v6 April 1996, 1
490 _aDaily Telegraph
_v6 April 1996, 11(1)
520 _aThe Church of England`s assets increased by £300m last year, almost reversing their giant property losses suffered between 1989 and 1992.
650 _aCHURCH COMMISSIONERS
650 _aCHURCH OF ENGLAND
650 _aPROPERTY MARKET
650 _aPROPERTY PORTFOLIO
650 _aRECOVERY
690 _aPROPERTY-COMMERCIAL PROPERTY
942 _n0
948 _c04/03/1997
999 _c43774
_d43774